1234 1312 1820 1699 1011 1645 1551 1976 1169 1639 1560 1243 1958 1741 1109 1259 1525 1485 1258 1217 1560 1701 1620 1545 1309 1384 1848 1214 1920 1009 1318 1373 1841 1187 1041 1370 1266 1713 1748 1677 1441 1926 1688 1094 1094 1637 1373 1255 1869 1313 1848 1511 1754 1000 1481 1557 1738 1211 1622 1032 1410 1128 1680 1998 1826 1457 1995 1787 1192 1248 1465 1596 1288 1627 1113 1626 1329 1307 1137 1556 1617 1637 1982 1358 1212 1848 1412 1879 1251 1610 1166 1889 1990 1503 1502 1091 1071 1729 1152 BCNSPRNW ULIB Ver.6.0+V

เปลี่ยนเป็นภาษาไทย

Change to English
 แสดงรายละเอียดบรรณานุกรม
  กลับหน้าหลัก

Brief Record : Get Marc (ISO 2709) : E-mail record : QR code < ปิดหน้าต่าง
LEADER : 00000nam 2200000uu 4500
001    13399114052
003     ULIB
008    111128s2552||||th 000 0 tha d
020    ^a9786110600170
090    ^aนว.^bน319ช 2552
100 0  ^aซินฉ่ง
245 00 ^aชายาลับ/^cซินฉ่ง
250    ^aพิมพ์ครั้งที่ 1
260    ^aกรุงเทพฯ :^bแจ่มใส,^c2552
300    ^a202 หน้า
700 0  กระบี่หลงทิศ ;^eแปล
710 1  ^aแจ่มใส
945    ^p0^l0^i16430
995    ^aทศพร
999    ^aใช้งานได้ทุกระบบ
รายการนี้ยังไม่มีแท็ก
คุณยังไม่ได้ล็อกอิน คุณสามารถมีกิจกรรมร่วมกับเว็บไซต์ได้ แต่ต้องล็อกอินก่อน ::
  ล็อกอิน

รายการสื่อสารสนเทศ

ลำดับที่ ประเภท เลขเรียก/บาร์โค้ด สถานที่ สถานะ
1. นวนิยาย
นวนิยาย
นว. น319ช 2552  
  Barcode: 16430
ห้องสมุดวิทยาเขตสวรรค์ประชารักษ์
►นวนิยาย
บนชั้น
  ขอยืม

รายการใกล้เคียง
    ผู้แต่ง [ซินฉ่ง]

BibComment


ยังไม่เคยถูกคอมเมนท์

คอมเมนท์ทรัพยากรรายการนี้
  คอมเมนท์: ชายาลับ ซินฉ่ง


 Copyright 2026. Bcnsprnw @Library